Ridiculously Obvious Signs V Quiz Stats

 Plays Quiz Updated Jan 22, 2018

Challenge
Share
Tweet
Score 0/20 Timer 05:00
2 Plays Today
% Correct
Open
98%
Not
96.8%
Pay
93.1%
Cats
91.5%
Board
90.2%
Flooding
90%
Become
86.6%
Lake
86.6%
Diving
84.5%
Batteries
83.9%
% Correct
Won't
83.1%
Drink
82.3%
Without
82%
Run
70.2%
Both
68.5%
Under
66%
Staff
61.6%
Lift
46.6%
Anti
41.8%
Prohibited
30.7%

You're not logged in!

Compare scores with friends on all Sporcle quizzes.
OR
Log In

You Might Also Like...

Show Comments

Extras

Top Quizzes Today


Score Distribution

Your Account Isn't Verified!

In order to create a playlist on Sporcle, you need to verify the email address you used during registration. Go to your Sporcle Settings to finish the process.

Report this User

Report this user for behavior that violates our Community Guidelines.

Details: